Terrorism /

El capítulo da cuenta de la transformación de algunos grupos de protesta social europeos a guerrillas armadas cuyas acciones eran de naturaleza terrorista luego del año 1968.

Na minha lista:
Detalhes bibliográficos
Autor principal: Hauser, Dorothea
Formato: Texto
Assuntos:
Tags: Adicionar Tag
Sem tags, seja o primeiro a adicionar uma tag!

MARC

LEADER 00000 a a2200000 04500
001 40015
003
040
100 |a Hauser, Dorothea  
245 |a Terrorism /  |c Dorothea Hauser 
520 |a El capítulo da cuenta de la transformación de algunos grupos de protesta social europeos a guerrillas armadas cuyas acciones eran de naturaleza terrorista luego del año 1968.  
590 |a RRA/AGOSTO2010  
650 |a TERRORISTO  
650 |a CONFLICTOS SOCIALES  
650 |a EUROPA  
773 |g páginas 269-280  
999 |c 19580  |d 19580